General Knowledge - Statistics

General Stats
  • This quiz has been taken 4 times
  • The average score is 2 of 11
Answer Stats
Hint Answer % Correct
What is the differential of SinX CosX
75%
what year was the Spanish armada 1583
25%
What year was the bay of Pigs invasion 1966
25%
What Position was Held by Bibulus in 59BC Consul
25%
In Age of Empires 4, what is the byzantines unique cavalry Cataphracts
0%
Ai Created by google Google Ai
0%
In Chivalry 2 what is the slowest weapon Highland Sword
0%
Who was imprisoned for armed manslaughter in 1977 Chicago Isaac Willett
0%
Who is the first Boss in Elden Ring Margit
0%
What film was set in 2049 Mario
0%
What temporary Peace was installed in 421BC Between Athens and Sparta Peace of Nicias
0%
No matching quizzes found
Score Distribution
Percent of People with Each Score
Percentile by Number Answered
Your Score History
You have not taken this quiz